[Event "Terre degli Elimi op 4th"]
[Site "Erice"]
[Date "2013.07.28"]
[Round "7"]
[White "Parrinello, Marco"]
[Black "Lo Bosco, Salvatore"]
[Result "1-0"]
[WhiteElo "1569"]
[BlackElo "1720"]
[PlyCount "85"]
[EventDate "2013.07.24"]
[EventType "swiss"]
[EventRounds "7"]
[EventCountry "ITA"]
[SourceTitle "EXT 2015"]
[Source "ChessBase"]
[SourceDate "2014.11.20"]
[SourceVersion "1"]
[SourceVersionDate "2014.11.20"]
[SourceQuality "1"]

1. e4 c5 2. Nf3 d6 3. d4 cxd4 4. Nxd4 a6 5. a4 Qc7 6. Nc3 e6 7. Bd3 Nf6 8. 0-0 Nc6 9. Nf3 b6 10. Bf4 Nh5 11. Be3 Nf6 12. Qe2 Be7 13. Ra3 Ng4 14. Bd2 Bb7 15. h3 Nge5 16. Be3 Nxd3 17. cxd3 Na5 18. Rc1 Qd8 19. b4 Nc6 20. b5 Ne5 21. Nxe5 dxe5 22. Rb3 a5 23. Nd1 Bb4 24. Nb2 Rb8 25. Nc4 Ba8 26. Nxe5 0-0 27. Nc4 Re8 28. f3 Be7 29. Qf2 Bc5 30. Bxc5 bxc5 31. Qxc5 Rc8 32. Qe3 Qc7 33. Rbc3 Qd8 34. Qb6 Qg5 35. Qxa5 f5 36. Qb4 fxe4 37. dxe4 Rf8 38. Rf1 Rf4 39. Nb6 Rd8 40. Nxa8 Rxa8 41. b6 Rh4 42. b7 Rb8 43. Rc8+ 1-0

[Event "Terre degli Elimi op 4th"]
[Site "Erice"]
[Date "2013.07.25"]
[Round "2"]
[White "Marzaduri, Riccardo"]
[Black "Lo Bosco, Salvatore"]
[Result "1-0"]
[WhiteElo "1931"]
[BlackElo "1720"]
[PlyCount "63"]
[EventDate "2013.07.24"]
[EventType "swiss"]
[EventRounds "7"]
[EventCountry "ITA"]
[SourceTitle "EXT 2015"]
[Source "ChessBase"]
[SourceDate "2014.11.20"]
[SourceVersion "1"]
[SourceVersionDate "2014.11.20"]
[SourceQuality "1"]

1. e4 c5 2. d4 cxd4 3. Nf3 d6 4. Nxd4 Nf6 5. Nc3 a6 6. Be2 e6 7. a4 Qc7 8. Be3 Nc6 9. Nb3 b6 10. f4 Bb7 11. Bf3 Rc8 12. 0-0 Be7 13. Qe1 0-0 14. Qg3 Kh8 15. Rad1 Nb4 16. Rf2 Rfd8 17. Rfd2 d5 18. Bd4 Bc5 19. Nxc5 bxc5 20. Bxf6 gxf6 21. exd5 Rg8 22. Qh4 exd5 23. Nxd5 Nxd5 24. Bxd5 Bxd5 25. Qxf6+ Rg7 26. Rxd5 Rcg8 27. Rd8 h5 28. Rxg8+ Kxg8 29. Rd8+ Kh7 30. Qf5+ Rg6 31. Rd7 Qc6 32. Qxf7+ 1-0

[Event "Trapani Province-ch"]
[Site "Erice"]
[Date "2010.01.10"]
[Round "2"]
[White "Guarino, Giuseppe"]
[Black "Lo Bosco, Salvatore"]
[Result "0-1"]
[WhiteElo "1497"]
[BlackElo "1639"]
[PlyCount "134"]
[EventDate "2010.01.10"]
[EventType "swiss"]
[EventRounds "6"]
[EventCountry "ITA"]
[SourceTitle "EXT 2024"]
[Source "ChessBase"]
[SourceDate "2023.10.10"]
[SourceVersion "1"]
[SourceVersionDate "2023.10.10"]
[SourceQuality "1"]

1. e4 c5 2. Nf3 Nc6 3. d4 cxd4 4. Nxd4 e6 5. Be2 Qc7 6. Nc3 a6 7. Be3 Be7 8. 0-0 Nf6 9. f3 b5 10. a3 Bb7 11. Nb3 Rc8 12. Na2 0-0 13. Qd2 Rfd8 14. c3 d6 15. Rac1 Ne5 16. Bf2 Nc4 17. Bxc4 bxc4 18. Nd4 Nd7 19. Qe3 Ne5 20. Bg3 Nd3 21. Rc2 Qc5 22. Re2 Bf6 23. Rd1 Bg5 24. f4 Bh6 25. Kf1 e5 26. Nf5 Qxe3 27. Nxh6+ gxh6 28. Rxe3 exf4 29. Rexd3 cxd3 30. Bxf4 Bxe4 31. Nc1 Rb8 32. Nxd3 d5 33. Bxb8 Rxb8 34. b4 Rc8 35. Nc5 f5 36. g3 Kf7 37. Rc1 a5 38. Kf2 axb4 39. cxb4 Ra8 40. Ra1 Ke7 41. Ke3 Kd6 42. Kd4 Bc2 43. a4 Rb8 44. a5 Rxb4+ 45. Ke3 Kxc5 46. a6 Rb8 47. a7 Ra8 48. Rc1 d4+ 49. Kd2 d3 50. Ra1 Kb6 51. Ra2 Rxa7 52. Rb2+ Kc6 53. Rb4 Re7 54. Rh4 Kc5 55. Rxh6 Kd4 56. Rd6+ Kc5 57. Rf6 Re2+ 58. Kc3 Rf2 59. g4 f4 60. h4 Bb1 61. Rf7 d2 62. Rd7 f3 63. Rxd2 Rxd2 64. Kxd2 Be4 65. Ke3 Kd5 66. h5 Ke5 67. g5 Kf5 0-1

[Event "Nicolo La Rosa op 17th"]
[Site "Mazara del Vallo"]
[Date "2009.08.09"]
[Round "6"]
[White "Colicchia, Michele"]
[Black "Lo Bosco, Salvatore"]
[Result "1/2-1/2"]
[WhiteElo "1427"]
[BlackElo "1696"]
[PlyCount "90"]
[EventDate "2009.08.07"]
[EventType "swiss"]
[EventRounds "6"]
[EventCountry "ITA"]
[SourceTitle "EXT 2011"]
[Source "ChessBase"]
[SourceDate "2010.11.26"]
[SourceVersion "1"]
[SourceVersionDate "2010.11.26"]
[SourceQuality "1"]

1. e4 c5 2. Nf3 d6 3. Nc3 Nc6 4. d4 cxd4 5. Nxd4 a6 6. Bc4 e6 7. Nf3 Nf6 8. Bg5 Be7 9. 0-0 0-0 10. Re1 b5 11. e5 dxe5 12. Qxd8 Rxd8 13. Bd3 Bb7 14. Nxe5 Nxe5 15. Rxe5 Rd7 16. Re2 Rad8 17. Rae1 h6 18. Bh4 Rd4 19. Be4 Bxe4 20. Nxe4 Rd1 21. Nxf6+ Bxf6 22. Bxf6 gxf6 23. a3 Rxe1+ 24. Rxe1 Rd2 25. Rc1 Kg7 26. Kf1 Kg6 27. Ke1 Rd4 28. b3 Rd5 29. Rd1 Kf5 30. Rxd5+ exd5 31. Ke2 Ke4 32. f3+ Kd4 33. Kd2 f5 34. g3 h5 35. c3+ Ke5 36. Ke3 f6 37. h4 Ke6 38. f4 Ke7 39. Kd4 Kd6 40. c4 bxc4 41. bxc4 dxc4 42. Kxc4 Kc6 43. a4 a5 44. Kd4 Kd6 45. Kc4 Kc6 1/2-1/2

[Event "Siracusa op 2nd"]
[Site "Siracusa"]
[Date "2007.09.03"]
[Round "2"]
[White "Valenti, Giuseppe"]
[Black "Lo Bosco, Salvatore"]
[Result "1-0"]
[WhiteElo "2221"]
[BlackElo "1822"]
[PlyCount "75"]
[EventDate "2007.09.02"]
[EventType "swiss"]
[EventRounds "9"]
[EventCountry "ITA"]
[SourceTitle "EXT 2010"]
[Source "ChessBase"]
[SourceDate "2010.11.25"]
[SourceVersion "1"]
[SourceVersionDate "2010.11.25"]
[SourceQuality "1"]

1. e4 c5 2. Nf3 d6 3. d4 cxd4 4. Nxd4 Nf6 5. Nc3 a6 6. Bg5 e6 7. f4 Be7 8. Qf3 Nbd7 9. 0-0-0 Qc7 10. g4 h6 11. Bxf6 gxf6 12. f5 Ne5 13. Qh3 Bd7 14. fxe6 fxe6 15. Qh5+ Nf7 16. Nb3 Rc8 17. Bd3 b5 18. a3 Rg8 19. h4 Kf8 20. Rhf1 Qb6 21. Rde1 a5 22. Bxb5 Bxb5 23. Nxb5 e5 24. a4 Rc4 25. Kb1 d5 26. Nc3 d4 27. Nd5 Qe6 28. Rf5 Kg7 29. Nxe7 Qxe7 30. Ref1 Rc6 31. Nxa5 Rb6 32. Nc4 Rb4 33. Rxf6 Qxf6 34. Rxf6 Kxf6 35. Qf5+ Ke7 36. Nxe5 Nxe5 37. Qxe5+ Kd7 38. Qd5+ 1-0